01107nam a2200289Ia 4500001000900000003000500009005001700014008004100031010001100072040000900083082002100092110006700113245013400180260007700314300000700391410005800398440006000456500003700516503000700553504002800560505003900588650003800627650001700665650003900682650002800721710006800749dia_1070CHAP20230123100814.0220117s1982 xx 000 0 und d a171617 cCHAP a338.763 M45 1982 aMéxico. Secretaría de Agricultura y Recursos Hidraúlicos aEl desarrollo agroindustrial y los sistemas alimentarios básicos /c SARH. Coordinación General de Desarrollo Agroindustrial aMéxico :b Coordinación General de Desarrollo Agroindustrial,c1982 av. aDOCUMENTOS TECNICOS PARA EL DESARROLO AGROINDUSTRIAL. aDocumentos Técnicos para el Desarrollo Agroindustrial aEl v. 10 es material fotocopiado aD. aIncluye bibliografías av.10. Oleaginosas \ v.28. Especies aAgricultural industries Mexico  aFood systems aIndustrias agrícolasxMéxico  aSistemas alimentarios  aSecretaría de Agricultura y Recursos Hidraúlicos (México)